10 najpopularniejszych stron WWW - Statystyki

Ogólne statystyki
  • Ten quiz został rozwiązany 80 razy
  • Średni wynik to 5 z 10
Statystyki odpowiedzi
Strona WWW % Poprawnych
Google
90%
Facebook
87%
Instagram
82%
Youtube
76%
Twitter
58%
Allegro
35%
Wikipedia
32%
Onet
30%
WP
27%
Interia
24%
Nie znaleziono quizów pasujących do podanych kryteriów
Rozkład punktacji
Procent ludzi z każdym wynikiem
Percentyl według liczby udzielonych odpowiedzi
Twoja historia wyników
Nie rozwiązałeś tego quizu